000
00313nam a22001337a 4500
008
170414b xxu||||| |||| 00| 0 eng d
020
_a
9780964546776
041
_a
eng
080
_2
6 ED
_a
618
100
_a
10
101
_a
SHM
245
_a
OBSTETRICS GYNECOLOGY INFERTILITY
_c
GORDON.J.D
942
_2
udc
_c
BK
999
_c
10779
_d
10779